000 01383nam a2200373 a 4500
001 000114858
003 CHAP
005 20220329144502.0
008 180626s2009 mx a |r| |||1|||spa d
010 _a111319
011 _a112291
020 _a9786074240399
040 _cCHAP
082 0 4 _a641.59297452
_bC66
245 0 0 _aCocina nahua de la costa Michoacana :
_busos tradicionales de la flora silvestre nativa /
_cdiretor David Oseguera Parra; estudio botánico Sebastián Lemus Juárez; traductores Nahuatl Noé Méndez Ávila y Nicodemos Macías Mata.
260 _aMéxico :
_bUACH, Comunidad indígena El Coire,
_c2009.
300 _a115 p. :
_bil. y cuadros.
590 _aE11695DGD
_b10
_c20180627
_lUCH01
_h1024
590 _aE11695DGD
_b10
_c20180716
_lUCH01
_h0906
590 _aE6337LMJ
_b05
_c20180626
_lUCH01
_h1030
590 _aE6337LMJ
_b05
_c20180626
_lUCH01
_h1352
590 _aE6337LMJ
_b05
_c20180626
_lUCH01
_h1402
590 _aE6337LMJ
_b05
_c20180626
_lUCH01
_h1402
590 _aE6337LMJ
_b05
_c20180626
_lUCH01
_h1402
590 _aE6337LMJ
_b05
_c20180627
_lUCH01
_h0842
590 _aE6337LMJ
_b05
_c20180627
_lUCH01
_h0847
650 1 4 _aCocina mexicana.
_9134501
650 1 4 _aCocina
_zMichoacán.
_9125938
650 1 4 _aNahuas
_xVida social y costumbres.
_980062
700 0 _aOseguera Parra, David.
_984179
901 _aBK
942 _cLIBRO
942 _n0
999 _c111319
_d111319